000 00879cab a2200277 4500
001 ABS59204
008 090401t1998 xxu||||| |||| 00| 0 eng d
035 _a(Sirsi) u88070
041 _aeng
100 _aLevine, M.
245 4 _aThe death of privity: recent decisions
260 _c1998
350 _a0
490 _aAppraisal Journal
_v66(3) July 1998, 242-246(5)
520 _aDiscusses recent court decisions involving cases wherein third parties brought liability suits against defendants with whom they had no contractual relationship or privity.
650 _aBILY V YOUNG
650 _aCHRISTIANSEN V RODDY
650 _aGUILDHALL INSURANCE COMPANY LTD V SILBERMAN ET AL
650 _aLIABILITY
650 _aPRIVITY
650 _aSODERBERG V MCKINNEY
650 _aULTRAMARES CORP. V TOUCHE
690 _aLAW
942 _n0
948 _c20/08/1998
999 _c55621
_d55621